| 000 | 00607nam a22001937a 4500 | ||
|---|---|---|---|
| 005 | 20250414170323.0 | ||
| 008 | 250414b |||||||| |||| 00| 0 eng d | ||
| 020 | _a9780072855319 | ||
| 050 |
_aGE170 _b.T34 TAK |
||
| 100 | _aEaston Thomas A. | ||
| 245 |
_aTaking Sides: _bClashing views on Controversial Environmental Issues/ _cThomas A. Easton & Theodore D. Goldfarb |
||
| 250 | _a10th Ed. | ||
| 260 |
_aGuilford _bMcGraw-Hill/Dushkin _c2003 |
||
| 300 |
_axxiii. 404p. _bill. _c22 cm |
||
| 500 | _aIncludes Index | ||
| 650 | _2Geography | ||
| 700 | _aGoldfarb Theodore D. | ||
| 942 |
_2lcc _cBK _e10th Ed. _n0 |
||
| 999 |
_c5464 _d5464 |
||